Vista normal
Vista MARC
Entrada Materia (personas)
Número de registros utilizados en: 1
001 - CONTROL NUMBER
- control field: 166830
003 - CONTROL NUMBER IDENTIFIER
- control field: Co-BoUCM
005 - DATE AND TIME OF LATEST TRANSACTION
- control field: 20211111081641.0
008 - FIXED-LENGTH DATA ELEMENTS
- fixed length control field: 211111|| aca||aabn | a|a d
040 ## - CATALOGING SOURCE
- Original cataloging agency: Co-BoUCM
- Transcribing agency: Co-BoUCM
100 ## - HEADING--PERSONAL NAME
- Personal name: Arévalo Hernández, Decsi Astrid
670 ## - SOURCE DATA FOUND
- Source citation: Work cat.: (Co-BoUCM)66825: Arévalo Hernández, Decsi Astrid, La contraloría y Bogotá 80 años de historia. Retos y transformaciones, 2009